Newcastle United - Players to have scored - 2003/04-2014/15 - Statistics

General Stats
  • This quiz has been taken 639 times
  • The average score is 45 of 80
Answer Stats
Position Nationality Name % Correct
FW Senegal Demba Ba
95%
FW England Alan Shearer
93%
FW Senegal Papiss Cisse
92%
DF Ireland Stephen Carr
85%
MF Ivory Coast Cheick Tiote
82%
FW Nigeria Shola Ameobi
82%
MF England Sammy Ameobi
81%
DF Argentina Fabricio Coloccini
80%
FW England Michael Owen
80%
MF Peru Nolberto Solano
80%
DF England Ryan Taylor
80%
DF England Steven Taylor
80%
MF France Yohan Cabaye
78%
FW Nigeria Obafemi Martins
77%
FW Wales Craig Bellamy
76%
FW England Andy Carroll
75%
FW Australia Mark Viduka
75%
MF France Moussa Sissoko
74%
MF Turkey Emre Belozoglu
73%
MF Argentina Jonas Gutierrez
72%
FW Spain Ayoze Perez
71%
MF France Hatem Ben Arfa
71%
MF England Joey Barton
70%
DF Italy Davide Santon
69%
MF Wales Gary Speed
69%
MF England Kevin Nolan
68%
MF England Kieron Dyer
63%
DF Wales Paul Dummett
63%
DF Spain Jose Enrique
61%
MF France Laurent Robert
61%
FW France Loic Remy
61%
FW Denmark Peter Lovenkrands
60%
MF Cameroon Geremi
59%
FW Ireland Leon Best
59%
MF France Gabriel Obertan
58%
MF Ireland Damien Duff
57%
FW Netherlands Patrick Kluivert
57%
MF France Yoan Gouffran
57%
DF Northern Ireland Aaron Hughes
56%
FW Spain Xisco
56%
DF Netherlands Daryl Janmaat
55%
MF Jamaica Rolando Aarons
55%
FW Spain Albert Luque
53%
MF Burundi Gael Bigirimana
53%
DF Nigeria Celestine Babayaro
52%
DF England Mike Williamson
52%
MF England Nicky Butt
52%
MF England Jermaine Jenas
50%
DF France Mathieu Debuchy
50%
MF France Remy Cabella
50%
MF Slovakia Haris Vuckic
49%
MF Netherlands Vurnon Anita
49%
DF Ireland Andy O'Brien
48%
DF Canada David Edgar
48%
DF England Titus Bramble
48%
DF Brazil Claudio Cacapa
46%
DF England Danny Simpson
45%
FW France Emmanuel Riviere
45%
FW Italy Giuseppe Rossi
45%
DF Senegal Habib Beye
45%
MF England James Milner
45%
MF England Lee Bowyer
45%
MF England Lee Clark
44%
MF England Scott Parker
43%
MF England Jack Colback
42%
MF France Sylvain Marveaux
41%
DF Senegal Abdoulaye Faye
40%
MF England Danny Guthrie
37%
FW England Nile Ranger
37%
MF France Charles N'Zogbia
35%
FW France Antoine Sibierski
34%
FW England Michael Chopra
34%
DF England James Perch
31%
FW England Marlon Harewood
29%
MF England Darren Ambrose
28%
DF England Paul Huntington
28%
DF England Robbie Elliott
28%
MF England Dan Gosling
26%
MF France Fabrice Pancrate
26%
MF England Wayne Routledge
26%
No matching quizzes found
Score Distribution
Percent of People with Each Score
Percentile by Number Answered
Your Score History
You have not taken this quiz